[Event "GER-ch U25-C"]
[Site "Willingen"]
[Date "2023.05.28"]
[Round "2"]
[White "Betz, Niclas"]
[Black "Kroemer, Antonius"]
[Result "1-0"]
[WhiteElo "1043"]
[BlackElo "1353"]
[PlyCount "115"]
[EventDate "2023.05.27"]
[EventType "swiss"]
[EventRounds "9"]
[EventCountry "GER"]
[SourceTitle "CBM 214 Extra"]
[Source "ChessBase"]
[SourceDate "2023.07.31"]
[SourceVersion "1"]
[SourceVersionDate "2023.07.31"]
[SourceQuality "1"]

1. e4 d5 2. exd5 Qxd5 3. Nc3 Qa5 4. Bc4 Nf6 5. d3 Bg4 6. Nf3 c6 7. Qe2 Nbd7 8. Bd2 Qc7 9. 0-0 e6 10. h3 Bh5 11. a4 Ne5 12. Qxe5 Qxe5 13. Nxe5 Bd6 14. Bf4 h6 15. Ng6 Bxf4 16. Nxf4 0-0 17. Nxh5 Nxh5 18. g4 Nf4 19. Kh2 h5 20. Kg3 g5 21. gxh5 Nxh5+ 22. Kg4 Nf6+ 23. Kxg5 Kg7 24. Ne4 Nxe4+ 25. dxe4 Rh8 26. h4 Rag8 27. Rh1 Kf8+ 28. Kf4 Rh5 29. e5 Rf5+ 30. Ke4 Rg4+ 31. Kd3 Rf3+ 32. Ke2 Rf5 33. Bd3 Rxe5+ 34. Kf3 f5 35. Rag1 Kg7 36. Rxg4+ fxg4+ 37. Kxg4 Kh6 38. Kf4 Rf5+ 39. Bxf5 exf5 40. Kxf5 b5 41. axb5 cxb5 42. h5 a5 43. Ke5 a4 44. Kd5 b4 45. Kc4 a3 46. bxa3 bxa3 47. Kb3 a2 48. Kxa2 Kh7 49. c4 Kh6 50. c5 Kh7 51. c6 Kh6 52. c7 Kh7 53. c8Q Kh6 54. Qg4 Kh7 55. Qg6+ Kh8 56. Qf6+ Kh7 57. h6 Kg8 58. h7# 1-0

[Event "GER-ch U18 sf Berlin Online"]
[Site "Playchess.com INT"]
[Date "2020.05.01"]
[Round "8"]
[White "Braun, Matthieu"]
[Black "Betz, Niclas"]
[Result "1-0"]
[WhiteElo "1620"]
[BlackElo "1620"]
[PlyCount "35"]
[EventDate "2020.05.01"]
[EventType "swiss (blitz)"]
[EventRounds "13"]
[EventCountry "GER"]
[SourceTitle "CBM 195 Extra"]
[Source "ChessBase"]
[SourceDate "2020.05.31"]
[SourceVersion "1"]
[SourceVersionDate "2020.05.31"]
[SourceQuality "1"]

1. d4 d5 2. c3 e5 3. dxe5 Bg4 4. f3 Bh5 5. g4 Bg6 6. f4 Qh4+ 7. Kd2 Bc5 8. b4 Bb6 9. f5 Bxf5 10. gxf5 Qe4 11. Nf3 Be3+ 12. Ke1 Qg4 13. Bxe3 Qh4+ 14. Nxh4 g5 15. Nf3 g4 16. Ng5 h6 17. Nxf7 Kxf7 18. e6+ 1-0